Arbitrating under the 2012 ICC rules : (Record no. 22064)
[ view plain ]
| 000 -LEADER | |
|---|---|
| fixed length control field | 01049cam a22002775a 4500 |
| 001 - CONTROL NUMBER | |
| control field | 17383620 |
| 005 - DATE AND TIME OF LATEST TRANSACTION | |
| control field | 20160728132051.0 |
| 008 - FIXED-LENGTH DATA ELEMENTS--GENERAL INFORMATION | |
| fixed length control field | 120712t2012 ne a frbd 001 0 eng d |
| 020 ## - INTERNATIONAL STANDARD BOOK NUMBER | |
| International Standard Book Number | 9789041138170 |
| 020 ## - INTERNATIONAL STANDARD BOOK NUMBER | |
| International Standard Book Number | 904113817X |
| 040 ## - CATALOGING SOURCE | |
| Original cataloging agency | DLC |
| Transcribing agency | DLC |
| Modifying agency | DLC |
| -- | EG-ScBUE |
| Language of cataloging | eng |
| 082 04 - DEWEY DECIMAL CLASSIFICATION NUMBER | |
| Classification number | 341.522 |
| Edition number | 22 |
| Item number | GRI |
| 100 1# - MAIN ENTRY--PERSONAL NAME | |
| Personal name | Grierson, Jacob. |
| 9 (RLIN) | 40519 |
| 245 10 - TITLE STATEMENT | |
| Title | Arbitrating under the 2012 ICC rules : |
| Remainder of title | an introductory user's guide / |
| Statement of responsibility, etc | Jacob Grierson, Annet van Hooft. |
| 246 3# - VARYING FORM OF TITLE | |
| Title proper/short title | Arbitrating under the 2012 International Chamber of Commerce |
| 260 ## - PUBLICATION, DISTRIBUTION, ETC. (IMPRINT) | |
| Place of publication, distribution, etc | Alphen aan den Rijn : |
| Name of publisher, distributor, etc | Kluwer Law International ; |
| Place of publication, distribution, etc | Frederick, MD : |
| Name of publisher, distributor, etc | Sold and distributed in North, Central and South America by Aspen Publishers, |
| Date of publication, distribution, etc | c.2012. |
| 300 ## - PHYSICAL DESCRIPTION | |
| Extent | xvi, 360 p. : |
| Other physical details | ill. ; |
| Dimensions | 25 cm. |
| 500 ## - GENERAL NOTE | |
| General note | Glossary : p. [319]-335. |
| 500 ## - GENERAL NOTE | |
| General note | Index : p. [351]-360. |
| 504 ## - BIBLIOGRAPHY, ETC. NOTE | |
| Bibliography, etc | Bibliography : p. [337]-350. |
| 650 #7 - SUBJECT ADDED ENTRY--TOPICAL TERM | |
| Topical term or geographic name as entry element | International commercial arbitration. |
| Source of heading or term | BUEsh |
| 9 (RLIN) | 39464 |
| 651 ## - SUBJECT ADDED ENTRY--GEOGRAPHIC NAME | |
| Source of heading or term | BUEsh |
| 653 ## - INDEX TERM--UNCONTROLLED | |
| Resource For college | Law |
| Arrived date list | July2016 |
| 700 1# - ADDED ENTRY--PERSONAL NAME | |
| Personal name | Hooft, Annet van. |
| 942 ## - ADDED ENTRY ELEMENTS (KOHA) | |
| Source of classification or shelving scheme | Dewey Decimal Classification |
| Withdrawn status | Item status | Source of classification or shelving scheme | Damaged status | Not for loan | Vendor | Home library | Current library | Shelving location | Date acquired | Source of acquisition | Cost, normal purchase price | Serial Enumeration / chronology | Total Checkouts | Total Renewals | Full call number | Barcode | Date last seen | Date last borrowed | Cost, replacement price | Koha item type |
|---|---|---|---|---|---|---|---|---|---|---|---|---|---|---|---|---|---|---|---|---|
| Dewey Decimal Classification | Baccah | Central Library | Central Library | First floor | 28/07/2016 | Purchase | 1400.00 | 26080 | 4 | 1 | 341.522 GRI | 000033094 | 15/07/2025 | 21/01/2023 | 1750.00 | Book - Borrowing |